000 00497nam a22001697a 4500
003 OSt
005 20140310182454.0
008 130806t xxu||||| |||| 00| 0 eng d
020 _a9789715844215
050 _aQH 345
_b.N964 2005
100 _aNucum, Zenaida T.
_92236
245 _aLaboratory manual for biochemistry /
_cZenaida T. Nucum
260 _aQuezon City, Philippines :
_bC & E Publishing Inc.,
_cc2005.
300 _a103 p. :
_bill. ;
_c26 cm.
942 _2lcc
_cSSLC
999 _c13720
_d13720